LEADER 01033nam0-22003011i-450- 001 990000080040403321 035 $a000008004 035 $aFED01000008004 035 $a(Aleph)000008004FED01 035 $a000008004 100 $a20011111d--------km-y0itay50------ba 101 0 $aita 105 $ay-------001yy 200 1 $aManuale ad uso degli ingegneri incaricati della compilazione dei progetti per le strade comunali$ecompilato dietroincarico del ministero dei lavori pubblici$fAntonio Cantalupi. 210 $aMilano$cGalli e Omodei$d1871 215 $a322 p., 23 tav.$cill.$d25 cm 610 0 $aStrade comunali$aProgetto 610 0 $aCostruzioni stradali 676 $a625.73 700 1$aCantalupi,$bAntonio$03130 801 0$aIT$bUNINA$gRICA$2UNIMARC 901 $aBK 912 $a990000080040403321 952 $a13 AR 18 C 30$b3197$fFINBC 959 $aFINBC 996 $aManuale ad uso degli ingegneri incaricati della compilazione dei progetti per le strade comunali$9110303 997 $aUNINA DB $aING01 LEADER 01010nam0-22002891--450- 001 990009124890403321 005 20131216191822.0 035 $a000912489 035 $aFED01000912489 035 $a(Aleph)000912489FED01 035 $a000912489 100 $a20091207d1841----km-y0itay50------ba 101 0 $aita 102 $aCH 105 $ay-------001yy 200 1 $aTeoria civile e penale del divorzio, ossia Necessità, cause, nuova maniera d'organizzarlo$eseguita dall'analisi della Legge francese 30 Ventoso, anno XI, relativa allo stesso argomento$fdi Melchiorre Gioia 210 $aLugano$cPresso gli editori$d1841 215 $a284 p.$d21 cm 676 $a346$v11 rid.$zita 700 1$aGioia,$bMelchiorre$f<1767-1829>$0145170 801 0$aIT$bUNINA$gRICA$2UNIMARC 901 $aBK 912 $a990009124890403321 952 $aSDI-H 141$bs.i.$fSDI 959 $aSDI 996 $aTeoria civile e penale del divorzio, ossia Necessità, cause, nuova maniera d'organizzarlo$9583650 997 $aUNINA LEADER 01871nas 2200409 n 450 001 990008974230403321 005 20240229084547.0 011 $a0272-1708 035 $a000897423 035 $aFED01000897423 035 $a(Aleph)000897423FED01 035 $a000897423 091 $2CNR$aP 00080831 100 $a20161109a19819999km-y0itaa50------ba 101 0 $aeng 102 $aUS 110 $aauu-------- 200 1 $aIEEE control systems magazine 207 1$a1981- 210 $aNew York$cIEEE Control Systems Society. 430 0$12001$aIEEE Control Systems Society newsletter 452 0$1001000897424$12001$aIEEE control systems magazine 530 0 $aIEEE control systems magazine 676 $a629 676 $a621 676 $a629.8 712 02$aInstitute of Electrical and Electronics Engineers 801 0$aIT$bACNP$c20090723 859 4 $uhttp://acnp.cib.unibo.it/cgi-ser/start/it/cnr/dc-p1.tcl?catno=53696&person=false&language=ITALIANO&libr=&libr_th=unina1$zBiblioteche che possiedono il periodico 901 $aSE 912 $a990008974230403321 958 $aBiblioteca Interdipartimentale di Ingegneria Elettrica, Elettronica e delle Telecomunicazioni, Informatica e Sistemistica. Università degli studi di Napoli "Federico II"$b1981-1999;$c1982;$eD6$fDINEL 959 $aDINEL 996 $aIEEE control systems magazine$9796221 997 $aUNINA AP1 8 $6866-01$aNA106 Biblioteca Interdipartimentale di Ingegneria Elettrica, Elettronica e delle Telecomunicazioni, Informatica e Sistemistica. Università degli studi di Napoli "Federico II"$bD6$eVia Claudio,21, 80125 Napoli (NA)$m081/7683242-3533$m0817683242$nit AP2 40$aacnp.cib.unibo.it$nACNP Italian Union Catalogue of Serials$uhttp://acnp.cib.unibo.it/cgi-ser/start/it/cnr/df-p.tcl?catno=53696&language=ITALIANO&libr=&person=&B=1&libr_th=unina&proposto=NO LEADER 03545oas 2201381 a 450 001 9910147031503321 005 20251105213014.0 011 $a1873-5800 035 $a(DE-599)ZDB2008020-7 035 $a(DE-599)2008020-7 035 $a(OCoLC)39284335 035 $a(CONSER) 2004233161 035 $a(CKB)954926245531 035 $a(EXLCZ)99954926245531 100 $a19980615a19949999 sy a 101 0 $aeng 135 $aurmnu|||||||| 181 $ctxt$2rdacontent 182 $cc$2rdamedia 183 $acr$2rdacarrier 200 14$aThe knee 210 $a[Amsterdam] $cElsevier Science 215 $a1 online resource 300 $aRefereed/Peer-reviewed 311 08$a0968-0160 606 $aKnee$xSurgery$vPeriodicals 606 $aKnee$vPeriodicals 606 $aKnee$xSurgery$xPeriodicals 606 $aKnee 606 $aArtificial knee 606 $aKnee$xWounds and injuries 606 $aKnee 606 $aKnee Joint 606 $aKnee Prosthesis 606 $aKnee Injuries 606 $aKnee Injuries$xsurgery 606 $aKnee Injuries$xsurgery$vperiodicals 606 $aKnee Joint$vperiodicals 606 $aKnee Prosthesis$vperiodicals 606 $aKnee$vperiodicals 606 $aKnee Injuries$vperiodicals 606 $aGenou$xChirurgie$xPe?riodiques 606 $aGenou$vPe?riodiques 606 $aGenou$xChirurgie$vPe?riodiques 606 $aGenou 606 $aProthe?ses de genou 606 $aGenou$xLe?sions et blessures 606 $aKnee$xWounds and injuries$2fast$3(OCoLC)fst00988078 606 $aArtificial knee$2fast$3(OCoLC)fst00817297 606 $aKnee$2fast$3(OCoLC)fst00988052 606 $aKnee$xSurgery$2fast$3(OCoLC)fst00988075 608 $aPeriodicals.$2fast 608 $aPeriodicals.$2lcgft 615 0$aKnee$xSurgery 615 0$aKnee 615 0$aKnee$xSurgery$xPeriodicals. 615 0$aKnee. 615 0$aArtificial knee. 615 0$aKnee$xWounds and injuries. 615 2$aKnee. 615 2$aKnee Joint. 615 2$aKnee Prosthesis. 615 2$aKnee Injuries. 615 2$aKnee Injuries$xsurgery. 615 2$aKnee Injuries$xsurgery 615 2$aKnee Joint 615 2$aKnee Prosthesis 615 2$aKnee 615 2$aKnee Injuries 615 6$aGenou$xChirurgie$xPe?riodiques. 615 6$aGenou 615 6$aGenou$xChirurgie 615 6$aGenou. 615 6$aProthe?ses de genou. 615 6$aGenou$xLe?sions et blessures. 615 7$aKnee$xWounds and injuries. 615 7$aArtificial knee. 615 7$aKnee. 615 7$aKnee$xSurgery. 676 $a617.582 712 02$aBritish Association for Surgery of the Knee, 712 02$aAustralian Knee Society, 801 0$bOH1 801 1$bOH1 801 2$bOCL 801 2$bOCLCQ 801 2$bGUA 801 2$bOCLCQ 801 2$bVRC 801 2$bU9S 801 2$bGUA 801 2$bOCLCQ 801 2$bOCLCO 801 2$bOCLCQ 801 2$bOPELS 801 2$bOCLCF 801 2$bVT2 801 2$bOCLCQ 801 2$bZ5A 801 2$bOCLCO 801 2$bOCLCA 801 2$bBUF 801 2$bAU@ 801 2$bOCLCO 801 2$bWYU 801 2$bU3W 801 2$bOCLCO 801 2$bOCLCQ 801 2$bOCL 801 2$bUAB 801 2$bQGK 801 2$bOCLCL 801 2$bUBY 801 2$bOCLCQ 906 $aJOURNAL 912 $a9910147031503321 996 $aThe knee$91890137 997 $aUNINA